| 000 | 00769nam a2200253Ia 4500 | ||
|---|---|---|---|
| 003 | OSt | ||
| 005 | 20220912145427.0 | ||
| 006 | a|||||r|||| 00| 0 | ||
| 007 | ta | ||
| 008 | 220909b |||||||| |||| 00| 0 eng d | ||
| 024 | _a66231 | ||
| 037 | _cTextual | ||
| 040 |
_aCSL _beng _cCSL |
||
| 041 | _aeng | ||
| 082 | _aB2810DP:N62, K3 | ||
| 100 | _aBogdanoff J L Ed. | ||
| 111 | _aSymposium on engineering applications fo random function theoruy and probability (1962 : Purdue University) | ||
| 245 | 0 | _aProceeding on engineering applications of random function theory and probability | |
| 260 | _c1963 | ||
| 300 |
_ap. _ccm. |
||
| 650 | _aProbability | ||
| 942 |
_hB2810DP:N62, K3 _cTEXL _2CC |
||
| 999 |
_c31559 _d31559 |
||